000 00313nam a22001217a 4500
008 190315b xxu||||| |||| 00| 0 eng d
041 _aeng
080 _a043.3
100 _a0
101 _aINI-BA
245 _aGjendja kufitare e shfrytëzimit sipas EC-2 plasaritjet dhe deformimet
_cNeziri,P
942 _2udc
_cBK
999 _c54845
_d54845